|
|
|
|
| LEADER |
00000nab a2200000 a 4500 |
| 001 |
vtls000888777 |
| 003 |
SK-MaSNL |
| 005 |
20260304112326.0 |
| 008 |
250429c2004 xo 0 slo |
| 015 |
|
|
|a SNBRB2004/10-30445
|
| 035 |
|
|
|a CLN000240212
|
| 035 |
|
|
|a urn:nbn:sk:snk-ab1kjd
|
| 035 |
|
|
|a (urnnbn)urn:nbn:sk:snk:ar-004bhu
|
| 035 |
|
|
|a (uuid)da6be4c8-7b61-499e-b12f-74143cf5c1a5
|
| 040 |
|
|
|a SNKBUCL
|b slo
|c SNKBUCL
|e AACR2
|
| 041 |
0 |
|
|a slo
|
| 044 |
|
|
|a xo
|c SK
|
| 080 |
|
|
|a 94(470+571)-051
|x "18/19"
|2 1997
|
| 080 |
|
|
|a 929 Rasputin, Grigorij Jefimovič
|2 1997
|
| 100 |
1 |
|
|a Masaryková, Marta,
|d 1935-2009
|4 aut
|9 252851
|
| 245 |
1 |
0 |
|a Zavraždenie Rasputina
|b svedectvo Rasputinovho vraha
|c Marta Masaryková
|
| 300 |
|
|
|b Fotogr.
|
| 600 |
1 |
7 |
|a Rasputin, Grigorij Jefimovič,
|d 1869-1916
|2 snkbucl
|9 113755
|
| 773 |
0 |
|
|t Historická revue
|g Roč. XV, č. 9 (2004), s. 8-9
|x 1335-6550
|
| 850 |
|
|
|a Slovenská národná knižnica
|
| 852 |
|
|
|a Slovenská národná knižnica
|
| 954 |
|
|
|a odborná, vedecká literatúra pôvodná (slovenská)
|2 lita
|
| 958 |
|
|
|a article27
|
| 958 |
|
|
|a BC
|
| 958 |
|
|
|a RU
|
| 958 |
|
|
|a OND
|
| 958 |
|
|
|a EUIPO
|
| 999 |
|
|
|c 2865327
|d 2867257
|